书目信息 |
| 题名: |
往事回首录
|
|
| 作者: | 周而复 著 | |
| 分册: | 朝真暮伪何人辨 | |
| 出版信息: | 北京 工人出版社 2004.10 |
|
| 页数: | 449页, [2] 页图版 | |
| 开本: | 21cm | |
| 丛书名: | 周而复封笔孤本 | |
| 单 册: | ||
| 中图分类: | I251 | |
| 科图分类: | ||
| 主题词: | 回忆录--hui yi lu--中国--当代 | |
| 电子资源: | ||
| ISBN: | 7-5008-3201-X | |
| 000 | 01066nam 2200277 450 | |
| 001 | 012008194546 | |
| 005 | 20080423112800.71 | |
| 010 | @a7-5008-3201-X@dCNY29.40 | |
| 100 | @a20080423d2004 km y0chiy0120 ea | |
| 101 | 0 | @achi |
| 102 | @aCN@b110000 | |
| 105 | @aaf z 000yb | |
| 106 | @ar | |
| 200 | 1 | @a往事回首录@Awang shi hui shou lu@i朝真暮伪何人辨@f周而复著@Fzhou er fu zhu |
| 210 | @a北京@c工人出版社@d2004.10 | |
| 215 | @a449页, [2] 页图版@c图 (部分彩图)@d21cm | |
| 225 | 2 | @a周而复封笔孤本@Azhou er fu feng bi gu ben |
| 330 | @a这是周而复先生临终封笔之作,他一生“命途多舛”,经历了左联、抗战、延安整风、解放战争和三反、五反、反右、文革等历次政治运动,始终身处风口浪尖;辛勤笔耕七十年,真实记录了近一个世纪的风云际会。 | |
| 410 | 0 | @12001 @a周而复封笔孤本 |
| 517 | 1 | @a朝真暮伪何人辨@Achao zhen mu wei he ren bian |
| 600 | 0 | @a周而复,@Azhou er fu,@f1914-2004@x回忆录 |
| 606 | 0 | @a回忆录@Ahui yi lu@y中国@z当代 |
| 690 | @aI251@v4 | |
| 701 | 0 | @a周而复@Azhou er fu@4著 |
| 801 | 0 | @aCN@bQSSK@c20080423 |
| 905 | @b20701994-95@dI251@eZ761:3@f2 | |
| 往事回首录.朝真暮伪何人辨/周而复著.-北京:工人出版社,2004.10 |
| 449页, [2] 页图版:图 (部分彩图);21cm.-(周而复封笔孤本) |
| ISBN 7-5008-3201-X:CNY29.40 |
| 这是周而复先生临终封笔之作,他一生“命途多舛”,经历了左联、抗战、延安整风、解放战争和三反、五反、反右、文革等历次政治运动,始终身处风口浪尖;辛勤笔耕七十年,真实记录了近一个世纪的风云际会。 |
| ● |
| 相关链接 |
|
|
|
正题名:往事回首录
索取号:I251/Z761:3
 
预约/预借
| 序号 | 登录号 | 条形码 | 馆藏地/架位号 | 状态 | 备注 |
| 1 | 701994 | 207019947 | 文学库108/108文学库 66排11列2层/ [索取号:I251/Z761:3] | 在馆 | |
| 2 | 701995 | 207019956 | 文学库108/108文学库 66排11列2层/ [索取号:I251/Z761:3] | 在馆 |